[Event "Russian Blitz Team Championship (m)"]
[Site "Sochi"]
[Date "2022.10.17"]
[Round "4.7"]
[White "Timofeev, Artyom"]
[Black "Drygalov, Andrey"]
[Result "1-0"]
[BlackElo "2498"]
[WhiteElo "2579"]
[LiveChessVersion "1.4.8"]

1. e4 {[%clk 0:03:01]} c5 {[%clk 0:03:03]} 2. Nf3 {[%clk 0:03:01]} d6
{[%clk 0:03:05]} 3. Bc4 {[%clk 0:03:01]} Nf6 {[%clk 0:03:05]} 4. Qe2
{[%clk 0:03:00]} g6 {[%clk 0:03:02]} 5. e5 {[%clk 0:02:53]} dxe5 {[%clk 0:02:54]}
6. Nxe5 {[%clk 0:02:53]} e6 {[%clk 0:02:49]} 7. d3 {[%clk 0:02:36]} Bg7
{[%clk 0:02:46]} 8. O-O {[%clk 0:02:33]} O-O {[%clk 0:02:45]} 9. Bg5
{[%clk 0:02:30]} Qc7 {[%clk 0:02:25]} 10. Nc3 {[%clk 0:02:20]} Nd5
{[%clk 0:02:18]} 11. Ng4 {[%clk 0:01:56]} h5 {[%clk 0:01:22]} 12. Bxd5
{[%clk 0:01:21]} hxg4 {[%clk 0:01:23]} 13. Bb3 {[%clk 0:01:21]} Nc6
{[%clk 0:01:17]} 14. Qxg4 {[%clk 0:01:20]} Nd4 {[%clk 0:01:18]} 15. Rae1
{[%clk 0:01:00]} b6 {[%clk 0:00:56]} 16. Qh4 {[%clk 0:00:55]} Bb7
{[%clk 0:00:39]} 17. Ne4 {[%clk 0:00:30]} Bxe4 {[%clk 0:00:18]} 18. Rxe4
{[%clk 0:00:30]} b5 {[%clk 0:00:11]} 19. c3 {[%clk 0:00:28]} Nxb3 20. axb3
{[%clk 0:00:28]} Qd7 {[%clk 0:00:12]} 21. Qh3 {[%clk 0:00:26]} f5
{[%clk 0:00:08]} 22. Rh4 Kf7 23. Bh6 {[%clk 0:00:17]} Rh8 {[%clk 0:00:10]} 24.
Bxg7 {[%clk 0:00:17]} Kxg7 {[%clk 0:00:11]} 25. Rxh8 {[%clk 0:00:17]} Rxh8
{[%clk 0:00:12]} 26. Qe3 {[%clk 0:00:18]} Qd6 {[%clk 0:00:13]} 27. g3
{[%clk 0:00:19]} Re8 {[%clk 0:00:10]} 28. Re1 {[%clk 0:00:19]} e5
{[%clk 0:00:11]} 29. Qf3 {[%clk 0:00:19]} Re7 {[%clk 0:00:10]} 30. h4
{[%clk 0:00:19]} Qe6 {[%clk 0:00:09]} 31. Qe3 {[%clk 0:00:14]} Qd6
{[%clk 0:00:09]} 32. h5 {[%clk 0:00:14]} e4 {[%clk 0:00:05]} 33. hxg6
{[%clk 0:00:13]} Kxg6 {[%clk 0:00:04]} 34. dxe4 {[%clk 0:00:05]} Rxe4
{[%clk 0:00:05]} 35. Qc1 {[%clk 0:00:06]} Rxe1+ {[%clk 0:00:04]} 36. Qxe1
{[%clk 0:00:07]} Kf7 {[%clk 0:00:04]} 37. Qe2 {[%clk 0:00:07]} a6 38. Qh5+
{[%clk 0:00:08]} Kg7 {[%clk 0:00:05]} 39. Qg5+ {[%clk 0:00:09]} Kh8
{[%clk 0:00:05]} 40. Qxf5 {[%clk 0:00:09]} Qd1+ {[%clk 0:00:06]} 41. Kg2
{[%clk 0:00:10]} Qxb3 {[%clk 0:00:07]} 42. Qf8+ {[%clk 0:00:08]} Kh7
{[%clk 0:00:09]} 43. Qxc5 {[%clk 0:00:09]} Qe6 {[%clk 0:00:07]} 44. b4
{[%clk 0:00:07]} Qe4+ {[%clk 0:00:08]} 45. Kh2 {[%clk 0:00:08]} Qe6
{[%clk 0:00:08]} 46. Qd4 {[%clk 0:00:09]} Kg8 {[%clk 0:00:06]} 47. g4
{[%clk 0:00:09]} Qe2 {[%clk 0:00:06]} 48. Kg3 {[%clk 0:00:10]} Qe1
{[%clk 0:00:06]} 49. Qd5+ {[%clk 0:00:11]} Kg7 {[%clk 0:00:07]} 50. Qd4+
{[%clk 0:00:11]} Kg8 {[%clk 0:00:08]} 51. Kf4 {[%clk 0:00:11]} Qe6
{[%clk 0:00:08]} 52. g5 {[%clk 0:00:10]} Qf7+ {[%clk 0:00:08]} 53. Kg3
{[%clk 0:00:11]} Qc7+ {[%clk 0:00:09]} 54. Kg4 {[%clk 0:00:11]} Qc8+
{[%clk 0:00:10]} 55. Kh4 {[%clk 0:00:12]} Qb7 {[%clk 0:00:05]} 56. Qd8+
{[%clk 0:00:07]} Kh7 {[%clk 0:00:06]} 57. Qd3+ {[%clk 0:00:08]} Kg8
{[%clk 0:00:06]} 58. Qg6+ {[%clk 0:00:09]} Kh8 {[%clk 0:00:06]} 59. Qe8+
{[%clk 0:00:08]} Kg7 {[%clk 0:00:07]} 60. Qe5+ {[%clk 0:00:07]} Kg8
{[%clk 0:00:08]} 61. Qe6+ {[%clk 0:00:08]} Kh8 {[%clk 0:00:09]} 62. f3
{[%clk 0:00:05]} Kg7 {[%clk 0:00:07]} 63. Kg4 {[%clk 0:00:06]} Qc7
{[%clk 0:00:07]} 64. Qf6+ {[%clk 0:00:07]} Kg8 {[%clk 0:00:08]} 65. g6
{[%clk 0:00:08]} Qc4+ {[%clk 0:00:05]} 66. Kg5 {[%clk 0:00:09]} Qd5+
{[%clk 0:00:06]} 67. Kh4 {[%clk 0:00:09]} Qc4+ {[%clk 0:00:07]} 68. Kh5
{[%clk 0:00:09]} Qd5+ {[%clk 0:00:08]} 69. Kg4 {[%clk 0:00:08]} Qc4+
{[%clk 0:00:08]} 70. Qf4 {[%clk 0:00:06]} Qe6+ {[%clk 0:00:09]} 71. Qf5
{[%clk 0:00:08]} Qc4+ {[%clk 0:00:06]} 72. Kh3 {[%clk 0:00:08]} Qf1+
{[%clk 0:00:05]} 73. Kh4 {[%clk 0:00:08]} Qh1+ {[%clk 0:00:05]} 74. Kg5
{[%clk 0:00:09]} Qg1+ {[%clk 0:00:04]} 75. Kf6 {[%clk 0:00:06]} 1-0

[Event "Russian Blitz Team Championship (m)"]
[Site "Sochi"]
[Date "2022.10.17"]
[Round "4.8"]
[White "Khegay, Dmitriy"]
[Black "Faizrakhmanov, Ramil"]
[Result "1-0"]
[BlackElo "2421"]
[WhiteElo "2457"]
[LiveChessVersion "1.4.8"]

1. e4 {[%clk 0:03:03]} c5 {[%clk 0:03:03]} 2. Nf3 {[%clk 0:03:04]} d6
{[%clk 0:03:04]} 3. d4 {[%clk 0:03:06]} cxd4 {[%clk 0:03:05]} 4. Qxd4
{[%clk 0:03:07]} Nf6 {[%clk 0:03:06]} 5. Be2 {[%clk 0:03:08]} Nc6
{[%clk 0:03:06]} 6. Qe3 {[%clk 0:03:09]} g6 {[%clk 0:03:05]} 7. O-O
{[%clk 0:03:10]} Bg7 {[%clk 0:03:06]} 8. h3 {[%clk 0:03:11]} O-O {[%clk 0:03:02]}
9. Rd1 {[%clk 0:03:12]} Be6 {[%clk 0:02:55]} 10. Nc3 {[%clk 0:03:13]} Rc8
{[%clk 0:02:53]} 11. Rb1 {[%clk 0:03:13]} Qb6 {[%clk 0:02:31]} 12. Qxb6
{[%clk 0:03:01]} axb6 {[%clk 0:02:32]} 13. Be3 {[%clk 0:03:01]} Nd7
{[%clk 0:02:30]} 14. Nd4 {[%clk 0:03:01]} Nxd4 {[%clk 0:01:35]} 15. Bxd4
{[%clk 0:03:02]} Bxd4 {[%clk 0:01:30]} 16. Rxd4 {[%clk 0:03:03]} Rc5
{[%clk 0:01:30]} 17. f4 {[%clk 0:02:23]} Rfc8 {[%clk 0:01:27]} 18. Kf2
{[%clk 0:02:24]} Nf6 {[%clk 0:01:14]} 19. Rb4 {[%clk 0:02:20]} R5c6
{[%clk 0:00:58]} 20. Bf3 {[%clk 0:02:12]} Nd7 {[%clk 0:00:37]} 21. e5
{[%clk 0:02:09]} Rc4 {[%clk 0:00:37]} 22. Rxc4 {[%clk 0:02:07]} Rxc4
{[%clk 0:00:38]} 23. exd6 {[%clk 0:02:08]} exd6 {[%clk 0:00:39]} 24. Rd1
{[%clk 0:02:00]} b5 {[%clk 0:00:36]} 25. a3 {[%clk 0:01:58]} Rxf4
{[%clk 0:00:20]} 26. Rxd6 {[%clk 0:01:47]} b4 {[%clk 0:00:19]} 27. axb4
{[%clk 0:01:43]} Rxb4 {[%clk 0:00:20]} 28. b3 {[%clk 0:01:44]} Ne5
{[%clk 0:00:20]} 29. Be2 {[%clk 0:01:36]} h5 {[%clk 0:00:13]} 30. Ke3
{[%clk 0:01:24]} Nc6 {[%clk 0:00:03]} 31. Na2 {[%clk 0:01:08]} Rb6
{[%clk 0:00:04]} 32. Bf3 {[%clk 0:01:05]} Kf8 {[%clk 0:00:05]} 33. Nc3
{[%clk 0:00:33]} Ke7 {[%clk 0:00:05]} 34. Rd1 {[%clk 0:00:34]} Ne5
{[%clk 0:00:06]} 35. Nd5+ {[%clk 0:00:33]} Bxd5 {[%clk 0:00:07]} 36. Bxd5
{[%clk 0:00:34]} g5 {[%clk 0:00:05]} 37. g3 {[%clk 0:00:31]} f6 {[%clk 0:00:06]}
38. Ra1 {[%clk 0:00:20]} Nc6 {[%clk 0:00:04]} 39. Bf3 {[%clk 0:00:14]} h4
{[%clk 0:00:04]} 40. gxh4 {[%clk 0:00:15]} gxh4 {[%clk 0:00:05]} 41. Ra4
{[%clk 0:00:17]} Nb4 {[%clk 0:00:06]} 42. c3 {[%clk 0:00:11]} Nc6
{[%clk 0:00:08]} 43. Bd5 {[%clk 0:00:09]} Kd6 {[%clk 0:00:08]} 44. Bxc6
{[%clk 0:00:06]} bxc6 {[%clk 0:00:09]} 45. b4 {[%clk 0:00:04]} Rb8
{[%clk 0:00:09]} 46. Ra5 {[%clk 0:00:06]} Re8+ {[%clk 0:00:10]} 47. Kd4
{[%clk 0:00:07]} Re1 {[%clk 0:00:04]} 48. Rf5 {[%clk 0:00:07]} Rh1
{[%clk 0:00:05]} 49. Rxf6+ {[%clk 0:00:09]} Kc7 {[%clk 0:00:06]} 50. Rf3
{[%clk 0:00:10]} Kb6 {[%clk 0:00:07]} 51. Ke4 {[%clk 0:00:11]} Kb5
{[%clk 0:00:08]} 52. Rf5+ {[%clk 0:00:08]} Kb6 {[%clk 0:00:08]} 53. Rf3
{[%clk 0:00:09]} Kb5 {[%clk 0:00:10]} 54. Kd3 {[%clk 0:00:11]} Rd1+
{[%clk 0:00:10]} 55. Kc2 {[%clk 0:00:12]} Rh1 {[%clk 0:00:11]} 56. Re3
{[%clk 0:00:08]} Kb6 {[%clk 0:00:06]} 57. Kb3 {[%clk 0:00:09]} Kb5
{[%clk 0:00:05]} 58. Re5+ {[%clk 0:00:10]} Kb6 {[%clk 0:00:07]} 59. Re3
{[%clk 0:00:07]} Kb5 {[%clk 0:00:08]} 60. c4+ {[%clk 0:00:07]} Kb6
{[%clk 0:00:10]} 61. Kc3 {[%clk 0:00:09]} Rh2 {[%clk 0:00:10]} 62. Kd4
{[%clk 0:00:06]} Rh1 {[%clk 0:00:10]} 63. Re6 {[%clk 0:00:06]} Kc7
{[%clk 0:00:09]} 64. Kc5 {[%clk 0:00:06]} Rxh3 {[%clk 0:00:09]} 65. Rxc6+
{[%clk 0:00:07]} Kb7 {[%clk 0:00:09]} 66. Rh6 {[%clk 0:00:09]} Rh1
{[%clk 0:00:10]} 67. Rh7+ {[%clk 0:00:10]} Kc8 {[%clk 0:00:11]} 68. Kc6
{[%clk 0:00:11]} Kd8 {[%clk 0:00:13]} 69. b5 {[%clk 0:00:12]} h3 {[%clk 0:00:14]}
70. c5 {[%clk 0:00:14]} h2 {[%clk 0:00:15]} 71. b6 {[%clk 0:00:15]} 1-0

[Event "Russian Blitz Team Championship (m)"]
[Site "Sochi"]
[Date "2022.10.17"]
[Round "4.9"]
[White "Pridorozhni, Aleksei"]
[Black "Dobrov, Vladimir"]
[Result "0-1"]
[BlackElo "2575"]
[WhiteElo "2581"]
[LiveChessVersion "1.4.8"]

1. e4 {[%clk 0:03:03]} c5 {[%clk 0:03:03]} 2. Nc3 {[%clk 0:03:04]} d6
{[%clk 0:03:04]} 3. f4 {[%clk 0:03:01]} g6 {[%clk 0:03:04]} 4. d4
{[%clk 0:03:02]} Nd7 {[%clk 0:02:35]} 5. Bb5 {[%clk 0:02:50]} Bg7
{[%clk 0:02:31]} 6. dxc5 {[%clk 0:02:49]} Qa5 {[%clk 0:02:12]} 7. Bxd7+
{[%clk 0:02:46]} Bxd7 {[%clk 0:02:13]} 8. cxd6 {[%clk 0:02:43]} Bc6
{[%clk 0:02:03]} 9. d7+ {[%clk 0:02:29]} Bxd7 {[%clk 0:02:05]} 10. Nge2
{[%clk 0:02:28]} Rd8 {[%clk 0:01:45]} 11. Qd5 {[%clk 0:02:15]} Qb6
{[%clk 0:01:46]} 12. Qb3 {[%clk 0:02:15]} Qc5 {[%clk 0:01:35]} 13. Bd2
{[%clk 0:02:03]} b5 {[%clk 0:01:30]} 14. a4 {[%clk 0:01:44]} Nh6 {[%clk 0:00:49]}
15. axb5 {[%clk 0:01:28]} Ng4 {[%clk 0:00:50]} 16. O-O-O {[%clk 0:01:27]} Nf2
{[%clk 0:00:49]} 17. Nd5 {[%clk 0:01:22]} Nxd1 {[%clk 0:00:29]} 18. Rxd1
{[%clk 0:01:21]} O-O {[%clk 0:00:21]} 19. Nec3 {[%clk 0:01:09]} Be6
{[%clk 0:00:15]} 20. Qa4 {[%clk 0:00:59]} Qf2 {[%clk 0:00:16]} 21. Be3
{[%clk 0:00:52]} Qxg2 {[%clk 0:00:16]} 22. Bd4 {[%clk 0:00:51]} Bxd5
{[%clk 0:00:10]} 23. Bxg7 {[%clk 0:00:49]} Kxg7 {[%clk 0:00:10]} 24. exd5
{[%clk 0:00:47]} Qxh2 {[%clk 0:00:08]} 25. Kb1 {[%clk 0:00:27]} Rc8
{[%clk 0:00:09]} 26. Qe4 {[%clk 0:00:23]} Rfe8 {[%clk 0:00:06]} 27. Rh1
{[%clk 0:00:19]} Qf2 {[%clk 0:00:07]} 28. Qe5+ {[%clk 0:00:17]} Kg8
{[%clk 0:00:08]} 29. Qg5 {[%clk 0:00:12]} h5 {[%clk 0:00:05]} 30. f5
{[%clk 0:00:08]} Qxf5 {[%clk 0:00:05]} 31. Qxf5 {[%clk 0:00:09]} gxf5
{[%clk 0:00:06]} 32. Rxh5 {[%clk 0:00:10]} e6 {[%clk 0:00:07]} 33. Ne2
{[%clk 0:00:07]} Rc5 {[%clk 0:00:07]} 34. dxe6 {[%clk 0:00:07]} fxe6
{[%clk 0:00:09]} 35. Nd4 {[%clk 0:00:09]} Kg7 {[%clk 0:00:07]} 36. c3
{[%clk 0:00:07]} Kg6 {[%clk 0:00:09]} 37. Rh1 e5 38. Nc6 {[%clk 0:00:05]} Rxb5
{[%clk 0:00:10]} 39. Rd1 {[%clk 0:00:05]} e4 {[%clk 0:00:11]} 40. Nd4
{[%clk 0:00:05]} Rd5 {[%clk 0:00:12]} 41. Rf1 {[%clk 0:00:06]} Kg5
{[%clk 0:00:07]} 42. Rg1+ {[%clk 0:00:06]} Kf6 {[%clk 0:00:08]} 43. Rf1
{[%clk 0:00:07]} e3 {[%clk 0:00:10]} 44. Kc1 {[%clk 0:00:05]} e2 {[%clk 0:00:06]}
45. Re1 {[%clk 0:00:06]} Rxd4 0-1

[Event "Russian Blitz Team Championship (m)"]
[Site "Sochi"]
[Date "2022.10.17"]
[Round "4.10"]
[White "Uskov, Artem"]
[Black "Savchenko, Boris"]
[Result "0-1"]
[BlackElo "2530"]
[WhiteElo "2276"]
[LiveChessVersion "1.4.8"]

1. e4 {[%clk 0:03:02]} c5 {[%clk 0:03:02]} 2. Nf3 {[%clk 0:03:03]} d6
{[%clk 0:03:03]} 3. c3 {[%clk 0:03:04]} Nf6 {[%clk 0:03:03]} 4. Bd3
{[%clk 0:03:04]} g6 {[%clk 0:03:04]} 5. O-O {[%clk 0:03:03]} Bg7 {[%clk 0:03:05]}
6. h3 {[%clk 0:03:04]} O-O {[%clk 0:03:05]} 7. Bc2 {[%clk 0:03:05]} e5
{[%clk 0:03:06]} 8. d4 {[%clk 0:02:52]} exd4 {[%clk 0:03:06]} 9. cxd4
{[%clk 0:02:52]} cxd4 {[%clk 0:03:07]} 10. Nxd4 {[%clk 0:02:53]} d5
{[%clk 0:03:08]} 11. e5 {[%clk 0:02:41]} Ne4 {[%clk 0:03:09]} 12. f4
{[%clk 0:02:15]} f6 {[%clk 0:03:05]} 13. e6 {[%clk 0:01:55]} f5 {[%clk 0:03:02]}
14. Kh2 {[%clk 0:01:53]} Nc6 {[%clk 0:02:55]} 15. Nf3 {[%clk 0:01:48]} Bxe6
{[%clk 0:02:54]} 16. Be3 {[%clk 0:01:48]} Bxb2 {[%clk 0:02:51]} 17. Nbd2
{[%clk 0:01:48]} d4 {[%clk 0:02:31]} 18. Bg1 {[%clk 0:01:49]} Bxa1
{[%clk 0:02:22]} 19. Qxa1 {[%clk 0:01:47]} Qd6 {[%clk 0:02:20]} 20. Nxe4
{[%clk 0:01:33]} fxe4 {[%clk 0:02:21]} 21. Nxd4 {[%clk 0:01:34]} Rxf4
{[%clk 0:02:16]} 22. Rxf4 {[%clk 0:01:31]} Qxf4+ {[%clk 0:02:16]} 23. Kh1
{[%clk 0:01:32]} Qe5 {[%clk 0:02:07]} 24. Qd1 {[%clk 0:01:26]} Nxd4
{[%clk 0:01:58]} 25. Bxd4 {[%clk 0:01:26]} Qd6 {[%clk 0:01:58]} 26. Qa1
{[%clk 0:01:21]} Bd5 {[%clk 0:01:51]} 27. Be3 {[%clk 0:01:17]} Rf8
{[%clk 0:01:20]} 28. Kg1 {[%clk 0:01:07]} Bc4 {[%clk 0:01:18]} 29. Bb3
{[%clk 0:00:56]} Bxb3 {[%clk 0:01:18]} 30. axb3 {[%clk 0:00:56]} a6
{[%clk 0:01:17]} 31. Bh6 {[%clk 0:00:51]} Qf6 {[%clk 0:01:12]} 32. Qd1
{[%clk 0:00:46]} Rd8 {[%clk 0:01:10]} 33. Qe2 {[%clk 0:00:47]} g5
{[%clk 0:00:59]} 34. Qh5 {[%clk 0:00:42]} Qg6 {[%clk 0:00:47]} 35. Qxg6+
{[%clk 0:00:33]} hxg6 {[%clk 0:00:47]} 36. Bxg5 {[%clk 0:00:34]} Rd3
{[%clk 0:00:48]} 37. b4 {[%clk 0:00:34]} b6 {[%clk 0:00:49]} 38. Kf2
{[%clk 0:00:34]} a5 {[%clk 0:00:49]} 39. bxa5 {[%clk 0:00:33]} bxa5
{[%clk 0:00:50]} 40. h4 {[%clk 0:00:33]} a4 {[%clk 0:00:50]} 41. g4
{[%clk 0:00:34]} a3 {[%clk 0:00:51]} 42. Bf6 {[%clk 0:00:35]} Rf3+
{[%clk 0:00:51]} 0-1

[Event "Russian Blitz Team Championship (m)"]
[Site "Sochi"]
[Date "2022.10.17"]
[Round "4.11"]
[White "Iljiushenok, Ilia"]
[Black "Akhmedov, David"]
[Result "1-0"]
[BlackElo "2208"]
[WhiteElo "2467"]
[LiveChessVersion "1.4.8"]

1. e4 {[%clk 0:03:03]} c5 {[%clk 0:03:04]} 2. Nf3 {[%clk 0:03:04]} e6
{[%clk 0:03:05]} 3. d4 {[%clk 0:03:04]} cxd4 {[%clk 0:03:06]} 4. Nxd4
{[%clk 0:03:05]} Nf6 {[%clk 0:03:07]} 5. Nc3 {[%clk 0:03:06]} Nc6
{[%clk 0:03:09]} 6. Nxc6 {[%clk 0:03:07]} bxc6 {[%clk 0:03:10]} 7. e5
{[%clk 0:03:08]} Nd5 {[%clk 0:03:11]} 8. Ne4 {[%clk 0:03:09]} Qc7
{[%clk 0:03:13]} 9. f4 {[%clk 0:03:09]} Rb8 {[%clk 0:03:14]} 10. Bd3
{[%clk 0:03:10]} f5 {[%clk 0:02:33]} 11. exf6 {[%clk 0:03:09]} Nxf6
{[%clk 0:02:34]} 12. Nxf6+ {[%clk 0:03:03]} gxf6 {[%clk 0:02:35]} 13. Qh5+
{[%clk 0:03:03]} Kd8 {[%clk 0:02:15]} 14. Bd2 {[%clk 0:03:04]} Be7
{[%clk 0:02:11]} 15. Ba5 {[%clk 0:03:04]} Rb6 {[%clk 0:02:09]} 16. Bxb6
{[%clk 0:02:58]} Qxb6 {[%clk 0:02:07]} 17. O-O-O {[%clk 0:02:54]} Kc7
{[%clk 0:01:56]} 18. g3 {[%clk 0:02:51]} f5 {[%clk 0:01:07]} 19. Qe2
{[%clk 0:02:39]} Bf6 {[%clk 0:01:05]} 20. c3 {[%clk 0:02:39]} Bb7
{[%clk 0:01:05]} 21. Rhe1 {[%clk 0:02:33]} Rb8 {[%clk 0:00:52]} 22. Bc4
{[%clk 0:02:34]} c5 {[%clk 0:00:50]} 23. Qd2 {[%clk 0:02:17]} d5 {[%clk 0:00:51]}
24. Bb3 {[%clk 0:01:50]} Bc8 {[%clk 0:00:34]} 25. Qe3 {[%clk 0:01:29]} Bd7
{[%clk 0:00:26]} 26. Re2 {[%clk 0:01:25]} a5 {[%clk 0:00:25]} 27. Bxd5
{[%clk 0:01:12]} exd5 {[%clk 0:00:16]} 28. Rxd5 {[%clk 0:01:14]} c4
{[%clk 0:00:12]} 29. Rc5+ Kb7 {[%clk 0:00:11]} 30. Rxc4 {[%clk 0:00:39]} Qb5
{[%clk 0:00:06]} 31. Qc5 {[%clk 0:00:27]} Qxc5 {[%clk 0:00:04]} 32. Rxc5
{[%clk 0:00:28]} Kb6 {[%clk 0:00:05]} 33. Rd5 {[%clk 0:00:29]} Kc7
{[%clk 0:00:04]} 34. Rxa5 {[%clk 0:00:29]} Rg8 {[%clk 0:00:04]} 35. Ra7+
{[%clk 0:00:28]} Kc6 {[%clk 0:00:05]} 36. Ra6+ {[%clk 0:00:29]} 1-0

[Event "Russian Blitz Team Championship (m)"]
[Site "Sochi"]
[Date "2022.10.17"]
[Round "4.12"]
[White "Korelskiy, Egor"]
[Black "Kabanov, Nikolai"]
[Result "0-1"]
[BlackElo "2367"]
[WhiteElo "2053"]
[LiveChessVersion "1.4.8"]

1. e4 {[%clk 0:03:03]} d6 {[%clk 0:03:03]} 2. d4 {[%clk 0:03:03]} Nf6
{[%clk 0:03:03]} 3. Nc3 {[%clk 0:03:02]} e5 {[%clk 0:03:03]} 4. Nge2
{[%clk 0:03:02]} Be7 {[%clk 0:02:49]} 5. h3 {[%clk 0:03:03]} c6 {[%clk 0:02:41]}
6. a4 {[%clk 0:03:04]} O-O {[%clk 0:02:37]} 7. g4 {[%clk 0:03:05]} Na6
{[%clk 0:02:33]} 8. Bg2 {[%clk 0:03:01]} Nb4 {[%clk 0:02:29]} 9. Be3
{[%clk 0:02:53]} a5 {[%clk 0:02:27]} 10. O-O {[%clk 0:02:50]} Be6
{[%clk 0:02:25]} 11. Qd2 {[%clk 0:02:50]} Bc4 {[%clk 0:02:24]} 12. Rfd1
{[%clk 0:02:48]} Qc7 {[%clk 0:02:15]} 13. Ng3 {[%clk 0:02:44]} Rfe8
{[%clk 0:02:11]} 14. Nf5 {[%clk 0:02:42]} Bf8 {[%clk 0:02:11]} 15. Ng3
{[%clk 0:02:05]} g6 {[%clk 0:01:45]} 16. Bg5 {[%clk 0:01:41]} Bg7
{[%clk 0:01:43]} 17. Bh6 {[%clk 0:01:28]} Bh8 {[%clk 0:01:32]} 18. Be3
{[%clk 0:01:21]} Ba6 {[%clk 0:01:19]} 19. Re1 {[%clk 0:01:18]} Nd7
{[%clk 0:01:17]} 20. Rad1 {[%clk 0:01:15]} exd4 {[%clk 0:01:16]} 21. Bxd4
{[%clk 0:00:59]} Bxd4 {[%clk 0:01:16]} 22. Qxd4 {[%clk 0:01:00]} Nxc2
{[%clk 0:01:16]} 23. Qd2 {[%clk 0:00:32]} Nxe1 {[%clk 0:01:16]} 24. Qh6
{[%clk 0:00:12]} Nxg2 {[%clk 0:00:59]} 25. e5 {[%clk 0:00:03]} Rxe5
{[%clk 0:00:51]} 26. Nce4 {[%clk 0:00:04]} Rae8 {[%clk 0:00:35]} 27. Nf5
{[%clk 0:00:06]} Rxf5 {[%clk 0:00:26]} 28. Nxd6 {[%clk 0:00:05]} Rfe5
{[%clk 0:00:18]} 29. Nf5 {[%clk 0:00:05]} Rxf5 {[%clk 0:00:16]} 30. gxf5 Re1+
{[%clk 0:00:16]} 31. Rxe1 {[%clk 0:00:06]} Nxe1 {[%clk 0:00:17]} 32. Qe3
{[%clk 0:00:08]} Qe5 {[%clk 0:00:17]} 33. Qa7 {[%clk 0:00:07]} Nf6
{[%clk 0:00:18]} 34. Qa8+ {[%clk 0:00:08]} Kg7 {[%clk 0:00:19]} 35. fxg6
{[%clk 0:00:06]} hxg6 {[%clk 0:00:19]} 36. f4 {[%clk 0:00:07]} Qe3+
{[%clk 0:00:19]} 0-1

[Event "Russian Blitz Team Championship (m)"]
[Site "Sochi"]
[Date "2022.10.17"]
[Round "4.13"]
[White "Vastrukhin, Oleg"]
[Black "Vlasenko, Miroslav"]
[Result "1-0"]
[BlackElo "2319"]
[WhiteElo "2345"]
[LiveChessVersion "1.4.8"]

1. Nf3 {[%clk 0:03:02]} f5 {[%clk 0:03:04]} 2. d4 {[%clk 0:03:02]} Nf6
{[%clk 0:03:04]} 3. Bg5 {[%clk 0:03:02]} e6 {[%clk 0:03:04]} 4. Nbd2
{[%clk 0:03:02]} Be7 {[%clk 0:03:04]} 5. Bxf6 {[%clk 0:03:01]} Bxf6
{[%clk 0:03:05]} 6. e4 {[%clk 0:03:02]} O-O {[%clk 0:03:03]} 7. Bd3
{[%clk 0:03:02]} d5 {[%clk 0:03:04]} 8. exf5 {[%clk 0:03:00]} exf5
{[%clk 0:03:05]} 9. O-O {[%clk 0:03:00]} Nc6 {[%clk 0:03:06]} 10. c3
{[%clk 0:03:01]} Qd6 {[%clk 0:03:07]} 11. Re1 {[%clk 0:02:59]} Bd7
{[%clk 0:03:04]} 12. Qc2 {[%clk 0:02:53]} g6 {[%clk 0:03:04]} 13. b4
{[%clk 0:02:54]} Rae8 {[%clk 0:02:59]} 14. Nb3 {[%clk 0:02:49]} b6
{[%clk 0:02:55]} 15. Qd2 {[%clk 0:02:36]} Rxe1+ {[%clk 0:02:51]} 16. Rxe1
{[%clk 0:02:36]} Re8 {[%clk 0:02:50]} 17. Rxe8+ {[%clk 0:02:33]} Bxe8
{[%clk 0:02:51]} 18. Qe3 {[%clk 0:02:24]} Bd7 {[%clk 0:02:42]} 19. g3
{[%clk 0:02:23]} Kg7 {[%clk 0:02:30]} 20. h4 {[%clk 0:02:21]} h6 {[%clk 0:02:26]}
21. b5 {[%clk 0:02:11]} Nd8 {[%clk 0:02:21]} 22. Ne5 {[%clk 0:02:11]} Be6
{[%clk 0:02:17]} 23. Nd2 {[%clk 0:01:47]} Bxe5 {[%clk 0:02:09]} 24. Qxe5+
{[%clk 0:01:35]} Qxe5 {[%clk 0:02:09]} 25. dxe5 {[%clk 0:01:36]} c5
{[%clk 0:02:09]} 26. bxc6 {[%clk 0:01:30]} Nxc6 {[%clk 0:02:10]} 27. f4
{[%clk 0:01:31]} d4 {[%clk 0:02:06]} 28. cxd4 {[%clk 0:01:22]} Bxa2
{[%clk 0:01:53]} 29. h5 {[%clk 0:01:18]} Nxd4 {[%clk 0:01:46]} 30. hxg6
{[%clk 0:01:19]} h5 {[%clk 0:01:36]} 31. Kf2 {[%clk 0:01:17]} Kxg6
{[%clk 0:01:37]} 32. Ke3 {[%clk 0:01:18]} Ne6 {[%clk 0:01:36]} 33. Nf3
{[%clk 0:01:16]} Ng7 {[%clk 0:01:25]} 34. Nh4+ {[%clk 0:01:17]} Kf7
{[%clk 0:01:26]} 35. Nxf5 {[%clk 0:01:06]} Nxf5+ {[%clk 0:01:22]} 36. Bxf5
{[%clk 0:01:06]} b5 {[%clk 0:01:18]} 37. Bd3 {[%clk 0:01:07]} b4 {[%clk 0:01:11]}
38. Kd4 {[%clk 0:01:07]} a5 {[%clk 0:01:10]} 39. Kc5 {[%clk 0:01:02]} Ke6
{[%clk 0:01:03]} 40. Kb5 {[%clk 0:00:57]} b3 {[%clk 0:01:00]} 41. Bc4+
{[%clk 0:00:58]} Kf5 {[%clk 0:01:01]} 42. Kxa5 {[%clk 0:00:57]} Kg4
{[%clk 0:01:00]} 43. e6 {[%clk 0:00:52]} Bb1 {[%clk 0:01:01]} 44. e7
{[%clk 0:00:49]} Bg6 {[%clk 0:01:00]} 45. Bxb3 {[%clk 0:00:48]} h4
{[%clk 0:00:55]} 46. gxh4 {[%clk 0:00:34]} Kxf4 {[%clk 0:00:57]} 47. Kb6
{[%clk 0:00:35]} Ke5 {[%clk 0:00:53]} 48. Kc7 {[%clk 0:00:35]} Kf6
{[%clk 0:00:48]} 49. Kd8 {[%clk 0:00:31]} Kg7 {[%clk 0:00:48]} 50. Ba4
{[%clk 0:00:22]} Bh5 {[%clk 0:00:47]} 51. Be8 {[%clk 0:00:22]} Be2
{[%clk 0:00:46]} 52. h5 {[%clk 0:00:15]} Bd3 {[%clk 0:00:45]} 53. Bd7
{[%clk 0:00:14]} 1-0